| 000 | 00588nam a22002057a 4500 | ||
|---|---|---|---|
| 005 | 20230929133707.0 | ||
| 008 | 230929b ||||| |||| 00| 0 eng d | ||
| 020 | _a9789355017284 | ||
| 040 |
_aIN-DiNC _cIN-DiNC |
||
| 041 | _deng | ||
| 082 |
_a030 _bAGG |
||
| 100 |
_aAggarwal, R S _eauthor |
||
| 245 |
_aSSC reasoning: _btopic wise complete coverage with detailed explanations & short tricks/ _cby R S Aggarwal |
||
| 250 | _a1st ed. | ||
| 260 |
_aNew Delhi: _bS Chand, _c2023. |
||
| 300 | _a531p. | ||
| 650 | _aVerbal reasoning | ||
| 650 | _aNon verbal reasoning | ||
| 942 |
_2ddc _cBK |
||
| 999 |
_c11676 _d11676 |
||